[Event "Positano op 6th"]
[Site "Positano"]
[Date "2009.12.08"]
[Round "7"]
[White "Esposito, Antonio"]
[Black "Cervero, Gianluca"]
[Result "0-1"]
[WhiteElo "1401"]
[BlackElo "1524"]
[PlyCount "88"]
[EventDate "2009.12.05"]
[EventType "swiss"]
[EventRounds "7"]
[EventCountry "ITA"]
[SourceTitle "EXT 2012"]
[Source "ChessBase"]
[SourceDate "2011.11.24"]
[SourceVersion "1"]
[SourceVersionDate "2011.11.24"]
[SourceQuality "1"]

1. e4 e6 2. Nf3 d5 3. exd5 exd5 4. Bb5+ c6 5. Ba4 Nf6 6. Nc3 Bd6 7. 0-0 0-0 8. g3 Re8 9. d4 h6 10. Bf4 Bxf4 11. gxf4 Bg4 12. h3 Bxh3 13. Re1 Bg4 14. Rxe8+ Qxe8 15. Qd3 Bxf3 16. Qxf3 Ne4 17. Re1 f5 18. Qe3 Nd7 19. f3 Qg6+ 20. Kf1 Ng3+ 21. Kf2 Nh5 22. Rg1 Qf7 23. Ne2 Nf8 24. Qe5 Qd7 25. Rg6 Re8 26. Qxe8 Qxe8 27. Rg2 Nd7 28. a3 Qe6 29. c3 Qd6 30. Rh2 Nxf4 31. Nxf4 Qxf4 32. Rg2 Nb6 33. Bc2 Qd2+ 34. Kg3 f4+ 35. Kh2 Qe1 36. Rg1 Qe2+ 37. Rg2 Qxf3 38. Kg1 Nc4 39. Rf2 Qe3 40. Bb3 Nd2 41. Bd1 Qe1+ 42. Kg2 Qxd1 43. Rxf4 Qe2+ 44. Rf2 Qg4+ 0-1

[Event "Positano op 6th"]
[Site "Positano"]
[Date "2009.12.05"]
[Round "1"]
[White "Esposito, Antonio"]
[Black "Messina, Roberta"]
[Result "0-1"]
[WhiteElo "1401"]
[BlackElo "1909"]
[PlyCount "54"]
[EventDate "2009.12.05"]
[EventType "swiss"]
[EventRounds "7"]
[EventCountry "ITA"]
[SourceTitle "EXT 2012"]
[Source "ChessBase"]
[SourceDate "2011.11.24"]
[SourceVersion "1"]
[SourceVersionDate "2011.11.24"]
[SourceQuality "1"]

1. e4 c5 2. Nc3 Nc6 3. Nf3 d6 4. d3 e6 5. a3 Nf6 6. Bg5 Be7 7. Bxf6 Bxf6 8. Qe2 Qa5 9. 0-0-0 Bxc3 10. bxc3 Qxc3 11. a4 Na5 12. Kb1 Qb4+ 13. Kc1 Bd7 14. Qd2 Qxa4 15. Kb2 Qb5+ 16. Ka3 Qa6 17. d4 Nc4+ 18. Kb3 Nxd2+ 19. Rxd2 Qa4+ 20. Kb2 Qb4+ 21. Ka2 Rc8 22. Be2 Rc6 23. Rb1 Qa4+ 24. Kb2 Rb6+ 25. Kc1 Qa3+ 26. Rb2 Qxb2+ 27. Kd1 Qb1# 0-1